call of duty zombies shi no numa - Statistics

General Stats
  • This quiz has been taken 25 times
  • The average score is 7 of 11
Answer Stats
Hint Answer % Correct
where is shi no numa empire of japan
95%
character tank dempsey
89%
character edward richtofen
84%
character takeo masaski
84%
character nikolai belinski
79%
what year is shi no numa take place during 1945
74%
what month is shi no numa during october
47%
what does shi no numa mean swamp of death
42%
wonder weapon wonderwaffe
42%
campaign version semper fi
16%
multiplayer version knee deep
11%
No matching quizzes found
Score Distribution
Percent of People with Each Score
Percentile by Number Answered
Your Score History
You have not taken this quiz